00000000nam 2200000zi 4500
0019.953690
003CaOODSP
00520250822090047
006m     o  d f      
007cr cn|||||||||
008250729e20250325onc     o    f000 0 fre d
020 |a9780660783147
040 |aCaOODSP|bfre|erda|cCaOODSP
043 |an-cn---
0861 |aH14-662/2025F-PDF
0861 |aH14-662/2025-1F-PDF
24500|aEstimation des syndromes post-COVID-19 associés à l'impact et à l'efficacité du vaccin contre la COVID-19 chez les enfants et les adolescents au Canada : |brapport des résultats / |cpréparé pour l'Agence de santé publique du Canada.
264 1|aOttawa (Ontario) : |bAgence de la santé publique du Canada = Public Health Agency of Canada, |c25 mars 2025.
264 4|c©2025
300 |a1 ressource en ligne (96 pages) + |e1 rapport sur la méthodologie de l'enquête quantitative (69 pages)
336 |atexte|btxt|2rdacontent/fre
337 |ainformatique|bc|2rdamedia/fre
338 |aressource en ligne|bcr|2rdacarrier/fre
500 |aTitre de la couverture.
500 |a« Non classifié. »
500 |a« Fournisseur : Ipsos. »
500 |a« Numéro du contrat : CW2348463. »
500 |a« Numéro d'enregistrement : 126-23 (ROP SC 22-38). »
500 |aPublié aussi en anglais sous le titre : Estimation of post-acute conditions associated with COVID-19 vaccine impact and effectiveness among children and adolescents in Canada : findings report.
520 |a« Les enfants et les adolescents infectés par le coronavirus 2 du syndrome respiratoire aigu sévère (SARS-CoV-2) peuvent développer des symptômes à long terme communément appelés syndrome post-COVID-19 (SPC), COVID longue ou séquelles post-aiguës de l'infection par le SRAS-CoV-2 (PASC). De nombreuses lacunes subsistent quant à la fréquence, aux caractéristiques et aux facteurs de risque qui mènent à la SPC, ainsi qu'à l'impact de la SPC sur le fonctionnement quotidien et le développement des enfants et des adolescents. Il est urgent d'améliorer la prise en charge des personnes atteintes » -- Sommaire, page 6.
650 6|aSyndrome post-COVID-19|zCanada|xOpinion publique.
650 6|aVaccins contre la COVID-19|zCanada|xOpinion publique.
650 6|aMaladies chroniques chez l'enfant|zCanada|xOpinion publique.
650 6|aMaladies chroniques chez l'adolescent|zCanada|xOpinion publique.
650 6|aOpinion publique|zCanada.
7102 |aAgence de santé publique du Canada, |eorganisme de publication.
7102 |aIpsos (Firme), |econsultant.
77508|tEstimation of post-acute conditions associated with COVID-19 vaccine impact and effectiveness among children and adolescents in Canada : |w(CaOODSP)9.953689
85640|qPDF|s3.76 Mo|uhttps://publications.gc.ca/collections/collection_2025/aspc-phac/H14-662-2025-fra.pdf|zRapport des résultats
85640|qPDF|s3.07 Mo|uhttps://publications.gc.ca/collections/collection_2025/aspc-phac/H14-662-2025-1-fra.pdf|zRapport sur la méthodologie de l'enquête quantitative
8564 |qHTML|sS.O.|uhttps://epe.bac-lac.gc.ca/100/200/301/pwgsc-tpsgc/por-ef/public_health_agency_canada/2025/126-23-f/index.html|zEnsemble complet de données
986 |a250169